[Event "Oberliga Ost A"]
[Site "?"]
[Date "2022.04.30"]
[Round "2.6"]
[White "Hoffmann, Uwe"]
[Black "Heyme, Sibylle"]
[Result "1-0"]
[WhiteElo "2072"]
[BlackElo "1996"]
[PlyCount "65"]
[EventDate "2021.10.10"]
[EventType "team-tourn"]
[EventCountry "GER"]
[WhiteTeam "Magdeburg SV Rochade"]
[BlackTeam "Hoyerswerda FVS ASP"]
[WhiteTeamCountry "GER"]
[BlackTeamCountry "GER"]

1. d4 Nf6 2. c4 g6 3. Nc3 Bg7 4. e4 d6 5. f3 c6 6. Bg5 Nbd7 7. Qd2 a6 8. Rc1 b5
9. Nh3 Bb7 10. b3 Rc8 11. Be2 O-O 12. O-O Re8 13. Kh1 Nf8 14. Bh6 Bh8 15. f4 b4
16. Na4 Nxe4 17. Qxb4 Rb8 18. Rcd1 Qc7 19. Qe1 Nf6 20. f5 Bc8 21. fxg6 fxg6 22.
Qh4 Rb7 23. c5 Ra7 24. Nb6 Be6 25. Ng5 Bc8 26. Rd3 d5 27. Nxc8 Qxc8 28. Rh3 Rc7
29. Bxf8 Rxf8 30. Nxh7 Bg7 31. Nxf8 Kxf8 32. Bd3 Qe8 33. Qg3 1-0

[Event "Oberliga Ost A"]
[Site "?"]
[Date "2022.04.30"]
[Round "2.7"]
[White "Hassemeier, Mika"]
[Black "Kuna, Ralf Michael"]
[Result "1-0"]
[WhiteElo "2109"]
[BlackElo "2110"]
[PlyCount "83"]
[EventDate "2021.10.10"]
[EventType "team-tourn"]
[EventCountry "GER"]
[WhiteTeam "Hoyerswerda FVS ASP"]
[BlackTeam "Magdeburg SV Rochade"]
[WhiteTeamCountry "GER"]
[BlackTeamCountry "GER"]

1. d4 c6 2. c4 d5 3. Nc3 g6 4. cxd5 cxd5 5. Bf4 Nc6 6. e3 a6 7. Nf3 Nf6 8. h3
Bg7 9. Be2 O-O 10. O-O b5 11. Rc1 Bb7 12. a4 b4 13. Nb1 Ne4 14. Nbd2 Rc8 15.
Qb3 Nxd2 16. Nxd2 Qb6 17. Qa2 Na5 18. Nb3 Nxb3 19. Qxb3 Rfd8 20. Qa2 a5 21. Bb5
Bf8 22. b3 Rc3 23. Rxc3 bxc3 24. Rc1 Rc8 25. Qa1 e5 26. Bxe5 Bb4 27. Qa2 Bc6
28. Qe2 Bxb5 29. Qxb5 Qe6 30. Qd3 Qc6 31. Rc2 Qe6 32. f3 f6 33. Bg3 Re8 34. Kf2
f5 35. Be5 Rc8 36. Qb5 Qf7 37. Qa6 Rf8 38. Qc6 Rd8 39. Qf6 Qxf6 40. Bxf6 Rc8
41. Ke2 Ba3 42. Bh4 1-0

[Event "Oberliga Ost A"]
[Site "?"]
[Date "2022.04.30"]
[Round "2.8"]
[White "Schwarz, Hans"]
[Black "Nestler, Reiner"]
[Result "1/2-1/2"]
[WhiteElo "1879"]
[BlackElo "2094"]
[PlyCount "35"]
[EventDate "2021.10.10"]
[EventType "team-tourn"]
[EventCountry "GER"]
[WhiteTeam "Magdeburg SV Rochade"]
[BlackTeam "Hoyerswerda FVS ASP"]
[WhiteTeamCountry "GER"]
[BlackTeamCountry "GER"]

1. e4 d6 2. Nc3 Nf6 3. f4 g6 4. Nf3 Bg7 5. Bc4 O-O 6. O-O Nxe4 7. Nxe4 d5 8.
Bd3 dxe4 9. Bxe4 c5 10. c3 Nd7 11. Qe2 Nf6 12. Bc2 Bg4 13. Qf2 Bxf3 14. Qxf3
Qb6 15. d3 e6 16. Rb1 Qc7 17. Bd2 Rad8 18. Rbd1 1/2-1/2

[Event "Oberliga Ost A"]
[Site "?"]
[Date "2022.04.30"]
[Round "2.1"]
[White "Natsidis, Christoph"]
[Black "Burian, Simon"]
[Result "1/2-1/2"]
[WhiteElo "2345"]
[BlackElo "2172"]
[PlyCount "31"]
[EventDate "2021.10.10"]
[EventType "team-tourn"]
[EventCountry "GER"]
[WhiteTeam "Leipzig SG"]
[BlackTeam "Plauen SK Koenig"]
[WhiteTeamCountry "GER"]
[BlackTeamCountry "GER"]

1. Nf3 c5 2. c4 Nf6 3. Nc3 Nc6 4. g3 g6 5. Bg2 Bg7 6. O-O O-O 7. d4 d6 8. dxc5
dxc5 9. Be3 Qa5 10. Qb3 Ng4 11. Bd2 Nd4 12. Nxd4 cxd4 13. Qb5 Qxb5 14. Nxb5 Bd7
15. Rac1 Rac8 16. h3 1/2-1/2

[Event "Oberliga Ost A"]
[Site "?"]
[Date "2022.04.30"]
[Round "2.2"]
[White "Zaehringer, Daniel"]
[Black "Richter, Leonard"]
[Result "1/2-1/2"]
[WhiteElo "2137"]
[BlackElo "2298"]
[PlyCount "78"]
[EventDate "2021.10.10"]
[EventType "team-tourn"]
[EventCountry "GER"]
[WhiteTeam "Plauen SK Koenig"]
[BlackTeam "Leipzig SG"]
[WhiteTeamCountry "GER"]
[BlackTeamCountry "GER"]

1. d4 Nf6 2. c4 g6 3. Nc3 Bg7 4. e4 d6 5. f3 O-O 6. Be3 a6 7. Qd2 Nbd7 8. O-O-O
c5 9. dxc5 Qa5 10. cxd6 exd6 11. Kb1 b5 12. Nd5 Nxd5 13. Qxa5 Nxe3 14. Re1 Nxf1
15. cxb5 Rb8 16. Rxf1 Rxb5 17. Qd2 Nb6 18. Rc1 Na4 19. b3 d5 20. Ne2 dxe4 21.
fxe4 Bb7 22. Ng3 h5 23. Rc4 Nc5 24. Rhc1 h4 25. Rxc5 hxg3 26. R5c4 gxh2 27. g3
Re5 28. Qxh2 Bxe4+ 29. Rxe4 Rxe4 30. Qh3 Re6 31. Qg4 Rd8 32. Rd1 Rde8 33. Rd2
Re1+ 34. Kc2 Bh6 35. Rh2 Bg7 36. Rd2 R8e6 37. Qc4 Bf6 38. b4 R6e4 39. Qxa6 Bg5
1/2-1/2

[Event "Oberliga Ost A"]
[Site "?"]
[Date "2022.04.30"]
[Round "2.3"]
[White "Nguyen, Alex Dac Vuong"]
[Black "Kuraszkiewicz, Michael"]
[Result "1/2-1/2"]
[WhiteElo "2305"]
[BlackElo "2275"]
[PlyCount "53"]
[EventDate "2021.10.10"]
[EventType "team-tourn"]
[EventCountry "GER"]
[WhiteTeam "Leipzig SG"]
[BlackTeam "Plauen SK Koenig"]
[WhiteTeamCountry "GER"]
[BlackTeamCountry "GER"]

1. c4 e5 2. Nc3 Bb4 3. Nd5 Be7 4. d4 d6 5. e4 Nf6 6. Nxe7 Qxe7 7. f3 exd4 8.
Qxd4 Nc6 9. Qc3 Be6 10. Ne2 O-O-O 11. Bg5 h6 12. Bh4 g5 13. Bf2 d5 14. Nd4 dxe4
15. Nxc6 bxc6 16. Qa5 e3 17. Qa6+ Kb8 18. Bxe3 Qb4+ 19. Kf2 Rd2+ 20. Kg1 c5 21.
a3 Qxb2 22. Bxc5 c6 23. Qxa7+ Kc8 24. Bb6 Qe5 25. Qa8+ Kd7 26. Qxh8 Ke7 27. Ra2
1/2-1/2

[Event "Oberliga Ost A"]
[Site "?"]
[Date "2022.04.30"]
[Round "2.4"]
[White "Kunze, Carlo"]
[Black "Heistermann, Till"]
[Result "1/2-1/2"]
[WhiteElo "2267"]
[BlackElo "2195"]
[PlyCount "36"]
[EventDate "2021.10.10"]
[EventType "team-tourn"]
[EventCountry "GER"]
[WhiteTeam "Plauen SK Koenig"]
[BlackTeam "Leipzig SG"]
[WhiteTeamCountry "GER"]
[BlackTeamCountry "GER"]

1. d4 Nf6 2. c4 c5 3. d5 b5 4. cxb5 a6 5. bxa6 g6 6. Nc3 Bxa6 7. e4 Bxf1 8.
Kxf1 d6 9. g4 Bg7 10. g5 Nfd7 11. Kg2 Na6 12. Nge2 Qa5 13. h4 Nc7 14. Rh3 O-O
15. Qc2 Rfb8 16. Rb1 Nb5 17. Nxb5 Qxb5 18. b3 Qa6 1/2-1/2

[Event "Oberliga Ost A"]
[Site "?"]
[Date "2022.04.30"]
[Round "2.5"]
[White "Roesemann, Rainer"]
[Black "Sandner, Gunter"]
[Result "1-0"]
[WhiteElo "2262"]
[BlackElo "2257"]
[PlyCount "57"]
[EventDate "2021.10.10"]
[EventType "team-tourn"]
[EventCountry "GER"]
[WhiteTeam "Leipzig SG"]
[BlackTeam "Plauen SK Koenig"]
[WhiteTeamCountry "GER"]
[BlackTeamCountry "GER"]

1. c4 e6 2. g3 d5 3. Bg2 dxc4 4. Nf3 Nf6 5. O-O c5 6. Na3 Nc6 7. Nxc4 Be7 8. b3
O-O 9. Bb2 Rb8 10. d4 Nd7 11. dxc5 Bxc5 12. Nfe5 Ncxe5 13. Nxe5 f6 14. Nd3 Bd6
15. e3 Qe7 16. Nf4 Be5 17. Bd4 b6 18. Rc1 Rd8 19. Qg4 f5 20. Qe2 g5 21. Nh5
Bxd4 22. exd4 Nf6 23. Qe5 Nd7 24. Rc7 Nxe5 25. Rxe7 Rxd4 26. Nf6+ Kf8 27. Rxa7
h6 28. Rc1 Bd7 29. f4 1-0

[Event "Oberliga Ost A"]
[Site "?"]
[Date "2022.04.30"]
[Round "2.6"]
[White "Pfretzschner, Roland"]
[Black "Kalkhof, Stefan"]
[Result "0-1"]
[WhiteElo "2212"]
[BlackElo "2197"]
[PlyCount "100"]
[EventDate "2021.10.10"]
[EventType "team-tourn"]
[EventCountry "GER"]
[WhiteTeam "Plauen SK Koenig"]
[BlackTeam "Leipzig SG"]
[WhiteTeamCountry "GER"]
[BlackTeamCountry "GER"]

1. e4 d6 2. Nc3 e5 3. Bc4 c6 4. Nf3 Be7 5. d4 Nd7 6. a4 Ngf6 7. O-O O-O 8. Qe2
Qc7 9. h3 exd4 10. Nxd4 Nc5 11. Bf4 Ne6 12. Nxe6 Bxe6 13. Bxe6 fxe6 14. e5 dxe5
15. Bxe5 Bd6 16. Bxd6 Qxd6 17. Rad1 Qe7 18. Rfe1 Rae8 19. Qe5 Qf7 20. Rd2 Qg6
21. Ne4 Nd5 22. Qg5 Qf7 23. c4 Nb6 24. b3 h6 25. Qg3 Re7 26. Nd6 Qf6 27. Rde2
e5 28. Ne4 Qf5 29. Qe3 Nc8 30. Qc5 Qg6 31. Ng3 b6 32. Qe3 Qf6 33. Ne4 Qf5 34.
Qc3 Rfe8 35. c5 Qg6 36. Rd2 Re6 37. Qc4 Kh7 38. Red1 Rf8 39. Rd7 Rf4 40. Re1
bxc5 41. Qe2 Nd6 42. Nxc5 Ref6 43. f3 e4 44. Nxe4 Nxe4 45. fxe4 Qe8 46. Qd3 Qe5
47. Qd4 Qg5 48. Qb2 Qg3 49. Qb1 Rf2 50. e5+ Rg6 0-1

[Event "Oberliga Ost A"]
[Site "?"]
[Date "2022.04.30"]
[Round "2.7"]
[White "Rausch, Stephan"]
[Black "Hoerr, Matthias"]
[Result "1/2-1/2"]
[WhiteElo "2285"]
[BlackElo "2146"]
[PlyCount "109"]
[EventDate "2021.10.10"]
[EventType "team-tourn"]
[EventCountry "GER"]
[WhiteTeam "Leipzig SG"]
[BlackTeam "Plauen SK Koenig"]
[WhiteTeamCountry "GER"]
[BlackTeamCountry "GER"]

1. d4 Nf6 2. Nf3 e6 3. Bg5 h6 4. Bh4 c5 5. e3 cxd4 6. exd4 b6 7. c3 Be7 8. Nbd2
Bb7 9. Bd3 O-O 10. O-O Nd5 11. Bg3 f5 12. h3 Nc6 13. Nc4 d6 14. Qe2 Qd7 15. Ne3
Nc7 16. Bh2 Rae8 17. Rfe1 Nd8 18. a4 Qc8 19. a5 b5 20. a6 Bc6 21. d5 Nxd5 22.
Nxd5 Bxd5 23. Bxb5 Nc6 24. Rad1 Bb3 25. Rd2 e5 26. c4 Rd8 27. Qe3 Na5 28. Qxa7
Rf7 29. Qe3 Bxc4 30. Rc2 Qe6 31. Bxc4 Nxc4 32. Qb3 d5 33. a7 Qa6 34. Nxe5 Nxe5
35. Bxe5 Qxa7 36. Rd2 Bc5 37. Red1 Re7 38. Rxd5 Rxd5 39. Qxd5+ Kh7 40. Bg3 g6
41. Bh4 Rf7 42. Kh1 Bf8 43. f3 Qb7 44. Qxb7 Rxb7 45. Bf6 Bg7 46. Bxg7 Kxg7 47.
Rb1 Rb3 48. Kg1 Kf6 49. Kf2 Kg5 50. Kg3 f4+ 51. Kh2 Kh4 52. Rc1 Rxb2 53. Rc6 h5
54. Rxg6 Rxg2+ 55. Kxg2 1/2-1/2

[Event "Oberliga Ost A"]
[Site "?"]
[Date "2022.04.30"]
[Round "2.8"]
[White "Fischer, Erik"]
[Black "Liedtke, Matthias"]
[Result "0-1"]
[WhiteElo "2033"]
[BlackElo "2238"]
[PlyCount "66"]
[EventDate "2021.10.10"]
[EventType "team-tourn"]
[EventCountry "GER"]
[WhiteTeam "Plauen SK Koenig"]
[BlackTeam "Leipzig SG"]
[WhiteTeamCountry "GER"]
[BlackTeamCountry "GER"]

1. e4 e6 2. d4 d5 3. Nd2 Nc6 4. Ngf3 Nf6 5. e5 Nd7 6. Nb3 a5 7. a4 f6 8. Bb5
fxe5 9. dxe5 Be7 10. Nbd4 Ndb8 11. h4 Bd7 12. c3 Nxd4 13. Nxd4 Nc6 14. Bd3 Nxe5
15. Qh5+ Nf7 16. Bxh7 Bf6 17. Nf3 Qe7 18. Ng5 O-O-O 19. Qxf7 Bxg5 20. Qxe7 Bxe7
21. Bc2 Bxh4 22. Be3 Bf6 23. O-O-O Rxh1 24. Rxh1 e5 25. f4 e4 26. Bd4 Rf8 27.
Rh5 Be6 28. Bc5 Rg8 29. Bb3 c6 30. Bb6 Bd8 31. Bxd8 Kxd8 32. Kd2 Kd7 33. Ke3
d4+ 0-1

[Event "Oberliga Ost A"]
[Site "?"]
[Date "2022.04.30"]
[Round "2.1"]
[White "Mueller, Frank"]
[Black "Strache, Michael"]
[Result "1/2-1/2"]
[WhiteElo "2276"]
[BlackElo "2302"]
[PlyCount "117"]
[EventDate "2021.10.10"]
[EventType "team-tourn"]
[EventCountry "GER"]
[WhiteTeam "Leipzig VfB"]
[BlackTeam "Sangerhausen SV"]
[WhiteTeamCountry "GER"]
[BlackTeamCountry "GER"]

1. d4 f5 2. Nf3 Nf6 3. g3 g6 4. Bg2 Bg7 5. c4 O-O 6. Nc3 d6 7. O-O Qe8 8. Re1
Qf7 9. e4 Nxe4 10. Nxe4 fxe4 11. Rxe4 Nc6 12. d5 Ne5 13. Rf4 Nxf3+ 14. Rxf3 Qe8
15. Qe2 Rxf3 16. Bxf3 Qf7 17. Bf4 Bf5 18. Re1 Re8 19. h4 h5 20. Qd2 b6 21. b4
Kh7 22. Re3 e5 23. dxe6 Bxe6 24. Bc6 Bd7 25. Bd5 Qf6 26. Rxe8 Bxe8 27. Qc2 Bd7
28. Bg5 Qa1+ 29. Kg2 Bf6 30. Qd3 Qb2 31. b5 Qa1 32. Bxf6 Qxf6 33. Qa3 Be6 34.
Qxa7 Bxd5+ 35. cxd5 Qf7 36. Qb7 Kg7 37. Qc6 Kf8 38. Qc4 Ke8 39. Qe4+ Kd8 40.
Qd4 Qf5 41. a4 Kc8 42. Kf1 Kb8 43. Ke2 Qc2+ 44. Kf3 Qf5+ 45. Ke3 Qc2 46. Qe4
Qc3+ 47. Ke2 Qb2+ 48. Kf1 Qf6 49. Kg2 Qf7 50. f3 Qf6 51. Kh3 Qa1 52. g4 hxg4+
53. fxg4 Qc3+ 54. Kg2 Qd2+ 55. Kf3 Qc3+ 56. Qe3 Qf6+ 57. Kg3 Kb7 58. Qe6 Qd4
59. Qxg6 1/2-1/2

[Event "Oberliga Ost A"]
[Site "?"]
[Date "2022.04.30"]
[Round "2.2"]
[White "Hellwig, Tobias"]
[Black "Heinrich, Thomas"]
[Result "0-1"]
[WhiteElo "2228"]
[BlackElo "2170"]
[PlyCount "190"]
[EventDate "2021.10.10"]
[EventType "team-tourn"]
[EventCountry "GER"]
[WhiteTeam "Sangerhausen SV"]
[BlackTeam "Leipzig VfB"]
[WhiteTeamCountry "GER"]
[BlackTeamCountry "GER"]

1. d4 Nf6 2. Nf3 c6 3. Bf4 d6 4. e3 Bg4 5. Nbd2 Nbd7 6. h3 Bh5 7. g4 Bg6 8. Bg2
e6 9. c4 Be7 10. Qe2 Ne4 11. O-O O-O 12. Ne1 Nxd2 13. Qxd2 f5 14. Bh2 h5 15.
gxf5 exf5 16. Nd3 Bf7 17. Rac1 Nf6 18. f3 Qd7 19. e4 fxe4 20. fxe4 Rae8 21. e5
Nh7 22. d5 dxe5 23. Nxe5 Qd8 24. Nxf7 Rxf7 25. Rxf7 Kxf7 26. Qd1 Nf6 27. d6 Bf8
28. c5 Qd7 29. Qb3+ Kg6 30. Rf1 Kh7 31. Bg3 Kh8 32. Bh4 b6 33. Qf3 bxc5 34.
Bxf6 gxf6 35. Qxh5+ Kg8 36. Qg6+ Bg7 37. Rxf6 Rf8 38. Re6 Qf7 39. Qxf7+ Kxf7
40. Re7+ Kf6 41. Rxa7 Rd8 42. d7 Ke6 43. Bxc6 Bxb2 44. Kf1 Bf6 45. Ke2 Kd6 46.
Ra6 Be7 47. Bb5+ Ke5 48. Rg6 Rh8 49. Rg3 Kd6 50. Kd3 Rh4 51. a4 Kc7 52. Kc2 Bd8
53. Rd3 Kb6 54. Kb3 Kc7 55. Bc4 Re4 56. a5 Re1 57. a6 Rb1+ 58. Kc2 Rb4 59. Bd5
Ra4 60. Bb7 Kb8 61. Rb3 c4 62. Rb5 Kc7 63. Rc5+ Kd6 64. Rd5+ Kc7 65. Rd4 Bf6
66. Rf4 Bd8 67. Bc8 Bg5 68. Rf5 Be7 69. Kb2 Kd8 70. Rf3 Bd6 71. Re3 Be7 72. Re6
Ba3+ 73. Kc3 Be7 74. Kd4 Bh4 75. Re8+ Kc7 76. Rf8 Bd8 77. Rf5 Be7 78. Rf7 Bd8
79. Bb7 Bh4 80. Bc8 Bd8 81. Rf1 Bh4 82. Rc1 Bf6+ 83. Kd5 c3 84. Ke6 Bh8 85. Bb7
Ra2 86. Re1 Rd2 87. Bd5 Bd4 88. Bb3 Bc5 89. Ra1 Ba7 90. Ba4 Re2+ 91. Kf5 Kd8
92. Rf1 Bd4 93. Kg4 Bc5 94. Rf8+ Bxf8 95. a7 Re4+ 0-1

[Event "Oberliga Ost A"]
[Site "?"]
[Date "2022.04.30"]
[Round "2.3"]
[White "Collini, Carsten"]
[Black "Heyder, Florian"]
[Result "1/2-1/2"]
[WhiteElo "2112"]
[BlackElo "2215"]
[PlyCount "138"]
[EventDate "2021.10.10"]
[EventType "team-tourn"]
[EventCountry "GER"]
[WhiteTeam "Leipzig VfB"]
[BlackTeam "Sangerhausen SV"]
[WhiteTeamCountry "GER"]
[BlackTeamCountry "GER"]

1. e4 e5 2. Nf3 Nc6 3. Bc4 Nf6 4. Ng5 d5 5. exd5 Na5 6. Bb5+ c6 7. dxc6 bxc6 8.
Be2 h6 9. Nh3 Bc5 10. O-O O-O 11. d3 Nb7 12. Nc3 Bb6 13. Kh1 Nd6 14. Bf3 Qc7
15. Na4 Re8 16. Nxb6 axb6 17. Ng1 Ba6 18. Be3 Rad8 19. Qc1 e4 20. Be2 exd3 21.
Bxd3 Bxd3 22. cxd3 Nf5 23. Bf4 Qb7 24. Nf3 Rxd3 25. Qc2 Rd5 26. Rfe1 c5 27.
Rxe8+ Nxe8 28. Re1 Nc7 29. Bxc7 Qxc7 30. Qe4 Qd8 31. Qa4 Qd7 32. Qxd7 Rxd7 33.
g4 Ne7 34. Kg2 Nc6 35. Re8+ Kh7 36. Rc8 Nd4 37. Rb8 Nxf3 38. Kxf3 Rd6 39. Ke3
Kg6 40. f4 Kf6 41. Rb7 Ke6 42. h4 g6 43. Rc7 Kf6 44. a4 Ke6 45. b3 Kf6 46. Rb7
h5 47. g5+ Ke6 48. Rc7 f5 49. Rg7 Kd5 50. Kd3 Kc6+ 51. Kc3 b5 52. Rf7 bxa4 53.
bxa4 Rd4 54. Rf6+ Kd5 55. Rxg6 Rxa4 56. Rh6 Rxf4 57. Rxh5 Rg4 58. g6 Rg3+ 59.
Kd2 Rxg6 60. Rxf5+ Kc4 61. Rf3 Rg4 62. Rh3 Kd4 63. Rh2 Ke4 64. h5 Rg7 65. h6
Rh7 66. Kc3 Kf5 67. Kc4 Kg6 68. Kxc5 Rxh6 69. Rxh6+ Kxh6 1/2-1/2

[Event "Oberliga Ost A"]
[Site "?"]
[Date "2022.04.30"]
[Round "2.5"]
[White "Just, Wolfgang"]
[Black "Ellemann, Stefan"]
[Result "1/2-1/2"]
[WhiteElo "2075"]
[BlackElo "2036"]
[PlyCount "64"]
[EventDate "2021.10.10"]
[EventType "team-tourn"]
[EventCountry "GER"]
[WhiteTeam "Leipzig VfB"]
[BlackTeam "Sangerhausen SV"]
[WhiteTeamCountry "GER"]
[BlackTeamCountry "GER"]

1. e4 c6 2. d4 d5 3. Nc3 dxe4 4. Nxe4 Bf5 5. Ng3 Bg6 6. Nf3 Nd7 7. Bc4 e6 8.
O-O Ngf6 9. Re1 Be7 10. c3 b5 11. Bb3 O-O 12. Nh4 Nd5 13. Nxg6 hxg6 14. Bd2 Qb6
15. Ne4 N7f6 16. Qf3 Rad8 17. Rad1 Rd7 18. Bf4 Rfd8 19. Be5 c5 20. dxc5 Bxc5
21. Bxf6 Nxf6 22. Rxd7 Rxd7 23. Nxc5 Qxc5 24. Qa8+ Kh7 25. Re3 Ng4 26. Rh3+ Nh6
27. g4 Rd2 28. Qf3 Kg8 29. Qf4 Qd6 30. Qf3 Qc5 31. Qf4 Qd6 32. Qf3 Qc5 1/2-1/2

[Event "Oberliga Ost A"]
[Site "?"]
[Date "2022.04.30"]
[Round "2.6"]
[White "Richter, Dustin"]
[Black "Rohne, Lars"]
[Result "1-0"]
[WhiteElo "2145"]
[BlackElo "2111"]
[PlyCount "105"]
[EventDate "2021.10.10"]
[EventType "team-tourn"]
[EventCountry "GER"]
[WhiteTeam "Sangerhausen SV"]
[BlackTeam "Leipzig VfB"]
[WhiteTeamCountry "GER"]
[BlackTeamCountry "GER"]

1. d4 g6 2. c4 Bg7 3. e3 d6 4. Nf3 e5 5. Nc3 Nc6 6. Be2 Nf6 7. dxe5 Nxe5 8.
Nxe5 dxe5 9. Qxd8+ Kxd8 10. b3 c6 11. Ba3 Bf8 12. O-O-O+ Kc7 13. Bb2 Be7 14.
Nb5+ cxb5 15. Bxe5+ Kb6 16. Bxf6 Bxf6 17. Rd6+ Ka5 18. Rxf6 Be6 19. cxb5 Rac8+
20. Kb2 Rhd8 21. Rd1 Rxd1 22. Bxd1 Kxb5 23. Rf4 Kc5 24. Rd4 a6 25. Bf3 Rc7 26.
b4+ Kb5 27. Be2+ Kb6 28. Rd6+ Ka7 29. a4 b6 30. a5 b5 31. Bf3 Rc4 32. Rd4 Rc8
33. Bd5 Bxd5 34. Rxd5 Rc7 35. e4 Kb7 36. f3 Re7 37. Kc3 Rc7+ 38. Kd3 Kb8 39.
Rd6 Kb7 40. f4 Rc4 41. Rd4 Rc7 42. e5 Kc8 43. g4 Rc1 44. f5 Rd1+ 45. Ke4 Re1+
46. Kd5 Kd7 47. Rd2 Ke7 48. Kc6 Rxe5 49. Kb6 Re4 50. Rb2 Rxg4 51. Kxa6 gxf5 52.
Kxb5 Rg8 53. a6 1-0

[Event "Oberliga Ost A"]
[Site "?"]
[Date "2022.04.30"]
[Round "2.7"]
[White "Mueller, Giso"]
[Black "Buerckner, Georg"]
[Result "1/2-1/2"]
[WhiteElo "2114"]
[BlackElo "2039"]
[PlyCount "41"]
[EventDate "2021.10.10"]
[EventType "team-tourn"]
[EventCountry "GER"]
[WhiteTeam "Leipzig VfB"]
[BlackTeam "Sangerhausen SV"]
[WhiteTeamCountry "GER"]
[BlackTeamCountry "GER"]

1. e4 e5 2. Nf3 Nc6 3. Bc4 Bc5 4. c3 d6 5. O-O h6 6. d4 exd4 7. cxd4 Bb6 8. h3
Nge7 9. Nc3 O-O 10. Be3 Kh7 11. Re1 f5 12. Ng5+ Kg6 13. exf5+ Nxf5 14. Ne6 Bxe6
15. Bxe6 Nxe3 16. fxe3 Kh7 17. Qd3+ Kh8 18. Bb3 Ne7 19. Bc2 g6 20. Rf1 d5 21.
h4 1/2-1/2

[Event "Oberliga Ost A"]
[Site "?"]
[Date "2022.05.01"]
[Round "3.1"]
[White "Pulpan, Jakub"]
[Black "Natsidis, Christoph"]
[Result "1/2-1/2"]
[WhiteElo "2418"]
[BlackElo "2345"]
[PlyCount "93"]
[EventDate "2021.10.10"]
[EventType "team-tourn"]
[EventCountry "GER"]
[WhiteTeam "Aue ESV Nickelhuette"]
[BlackTeam "Leipzig SG"]
[WhiteTeamCountry "GER"]
[BlackTeamCountry "GER"]

1. d4 Nf6 2. g3 d5 3. Bg2 c6 4. Nd2 Bf5 5. c4 e6 6. e3 Nbd7 7. Ne2 Be7 8. O-O
O-O 9. Re1 b5 10. b3 a5 11. Nc3 b4 12. Na4 Bg4 13. Bf3 Bxf3 14. Qxf3 e5 15. Bb2
e4 16. Qe2 h5 17. f3 exf3 18. Qxf3 Bd6 19. e4 dxe4 20. Nxe4 Nxe4 21. Qxe4 Rc8
22. Rad1 Re8 23. Qxe8+ Qxe8 24. Rxe8+ Rxe8 25. c5 Bf8 26. d5 Nxc5 27. dxc6 Nxa4
28. bxa4 Rc8 29. Rc1 Bd6 30. Bd4 Bc7 31. Kf2 f6 32. Ke3 Kf7 33. Kd3 Ke6 34. Ke4
f5+ 35. Kd3 g5 36. Be3 f4 37. gxf4 gxf4 38. Bd4 Kf5 39. h3 f3 40. Rc5+ Kf4 41.
Be3+ Kg3 42. Rg5+ Kxh3 43. Rxh5+ Kg4 44. Rg5+ Kh4 45. Rf5 Kg4 46. Rg5+ Kh4 47.
Rf5 1/2-1/2

[Event "Oberliga Ost A"]
[Site "?"]
[Date "2022.05.01"]
[Round "3.2"]
[White "Richter, Leonard"]
[Black "Cerveny, Martin"]
[Result "1/2-1/2"]
[WhiteElo "2298"]
[BlackElo "2412"]
[PlyCount "145"]
[EventDate "2021.10.10"]
[EventType "team-tourn"]
[EventCountry "GER"]
[WhiteTeam "Leipzig SG"]
[BlackTeam "Aue ESV Nickelhuette"]
[WhiteTeamCountry "GER"]
[BlackTeamCountry "GER"]

1. e4 c5 2. Nf3 d6 3. d4 cxd4 4. Nxd4 Nf6 5. Nc3 a6 6. Bg5 e6 7. f4 Qc7 8. Qf3
b5 9. Bxf6 gxf6 10. a3 Nc6 11. Nxc6 Qxc6 12. f5 Qc5 13. Be2 Ra7 14. O-O-O Rc7
15. Kb1 b4 16. axb4 Qxb4 17. fxe6 Bxe6 18. Bxa6 Bg7 19. Nb5 Rc6 20. e5 Qc5 21.
Nxd6+ Kf8 22. Bb5 Qxc2+ 23. Ka1 Rc7 24. Qa3 Qc5 25. Qxc5 Rxc5 26. Rhf1 f5 27.
Bd3 Bxe5 28. Bxf5 Ra5+ 29. Kb1 Ba2+ 30. Kc1 Ke7 31. b4 Ra6 32. Ne4 Rc6+ 33. Nc5
Rb8 34. Rd7+ Kf8 35. Be4 Rcc8 36. Bd5 Bxd5 37. Rxd5 Bxh2 38. Rd7 Kg8 39. Rfxf7
Be5 40. Rb7 Rxb7 41. Rxb7 Bc3 42. Ne4 Bxb4+ 43. Kb2 Be1 44. Nf6+ Kf8 45. Nxh7+
Kg8 46. Nf6+ Kf8 47. Nd7+ Kg8 48. Rb8 Rxb8+ 49. Nxb8 Kf7 50. Kc2 Ke6 51. Kd3
Kd5 52. Nd7 Ba5 53. Ke3 Bd8 54. Kf4 Ke6 55. Nc5+ Kf6 56. Kg4 Kg6 57. Nd3 Be7
58. Nf4+ Kh6 59. Kf5 Bd8 60. Ng6 Kg7 61. Nf4 Kh6 62. Ne6 Be7 63. g4 Bh4 64. Nc5
Be7 65. Ne4 Bh4 66. Nf6 Kg7 67. Nh5+ Kh6 68. Nf4 Kg7 69. Ng2 Bd8 70. Ne1 Bh4
71. Nf3 Bf6 72. Ng5 Be7 73. Ne6+ 1/2-1/2

[Event "Oberliga Ost A"]
[Site "?"]
[Date "2022.05.01"]
[Round "3.5"]
[White "Heinz, Juergen"]
[Black "Roesemann, Rainer"]
[Result "0-1"]
[WhiteElo "2169"]
[BlackElo "2262"]
[PlyCount "54"]
[EventDate "2021.10.10"]
[EventType "team-tourn"]
[EventCountry "GER"]
[WhiteTeam "Aue ESV Nickelhuette"]
[BlackTeam "Leipzig SG"]
[WhiteTeamCountry "GER"]
[BlackTeamCountry "GER"]

1. Nf3 c5 2. c4 Nc6 3. Nc3 e5 4. g3 g6 5. Bg2 Bg7 6. d3 d6 7. e4 Nge7 8. Be3
Nd4 9. h3 O-O 10. Qd2 Rb8 11. g4 a6 12. O-O Nxf3+ 13. Bxf3 b5 14. Bg2 Be6 15.
b3 f5 16. exf5 gxf5 17. Bg5 Bf6 18. Bxf6 Rxf6 19. g5 Rg6 20. f4 d5 21. cxd5
Nxd5 22. Bxd5 Bxd5 23. h4 Bb7 24. Qe3 b4 25. Ne2 Qd5 26. Kf2 Re8 27. Rac1 Rge6
0-1

[Event "Oberliga Ost A"]
[Site "?"]
[Date "2022.05.01"]
[Round "3.6"]
[White "Kalkhof, Stefan"]
[Black "Schramm, Torsten"]
[Result "1/2-1/2"]
[WhiteElo "2197"]
[BlackElo "2225"]
[PlyCount "41"]
[EventDate "2021.10.10"]
[EventType "team-tourn"]
[EventCountry "GER"]
[WhiteTeam "Leipzig SG"]
[BlackTeam "Aue ESV Nickelhuette"]
[WhiteTeamCountry "GER"]
[BlackTeamCountry "GER"]

1. Nf3 d6 2. d4 Bg4 3. e3 Nd7 4. Be2 Ngf6 5. c4 c6 6. Nc3 e5 7. h3 Bh5 8. O-O
Be7 9. b4 O-O 10. Bb2 e4 11. Nd2 Bxe2 12. Qxe2 d5 13. b5 Bb4 14. Rfc1 Re8 15.
Rab1 Qe7 16. Nb3 Bxc3 17. Bxc3 cxb5 18. cxb5 Rec8 19. Na5 Nb6 20. Qb2 Qd7 21.
Bd2 1/2-1/2

[Event "Oberliga Ost A"]
[Site "?"]
[Date "2022.05.01"]
[Round "3.7"]
[White "Poessel, Christian"]
[Black "Rausch, Stephan"]
[Result "0-1"]
[WhiteElo "2007"]
[BlackElo "2285"]
[PlyCount "82"]
[EventDate "2021.10.10"]
[EventType "team-tourn"]
[EventCountry "GER"]
[WhiteTeam "Aue ESV Nickelhuette"]
[BlackTeam "Leipzig SG"]
[WhiteTeamCountry "GER"]
[BlackTeamCountry "GER"]

1. d4 d5 2. c4 e6 3. Nf3 c6 4. g3 dxc4 5. Bg2 Nf6 6. O-O b5 7. Ne5 Qb6 8. a4
Nd5 9. e4 Nf6 10. Be3 a5 11. Na3 Ba6 12. Qc2 Qc7 13. f4 Nbd7 14. Rad1 c3 15.
Rfe1 Nxe5 16. fxe5 Ng4 17. Bf4 Rg8 18. h3 g5 19. Bc1 b4 20. hxg4 cxb2 21. Bxb2
bxa3 22. Ba1 Rc8 23. Kf2 Rg6 24. Rh1 h6 25. Rb1 Bb4 26. Bc3 c5 27. d5 c4 28.
Rhd1 Bc5+ 29. Kf1 Rf6+ 30. Ke1 Bf2+ 31. Ke2 a2 32. Ra1 Ba7 33. exf6 Qxg3 34.
Kf1 Qf4+ 35. Ke1 Qe3+ 36. Qe2 Qxc3+ 37. Kf1 Qxf6+ 38. Ke1 c3 39. Qf3 Qxf3 40.
Bxf3 c2 41. Rdc1 Be3 0-1

[Event "Oberliga Ost A"]
[Site "?"]
[Date "2022.05.01"]
[Round "3.1"]
[White "Strache, Michael"]
[Black "Belous, Mikhail"]
[Result "1/2-1/2"]
[WhiteElo "2302"]
[BlackElo "2362"]
[PlyCount "27"]
[EventDate "2021.10.10"]
[EventType "team-tourn"]
[EventCountry "GER"]
[WhiteTeam "Sangerhausen SV"]
[BlackTeam "Dessau SK"]
[WhiteTeamCountry "GER"]
[BlackTeamCountry "GER"]

1. d4 Nf6 2. Nf3 g6 3. g3 Bg7 4. Bg2 O-O 5. O-O d6 6. c4 Nc6 7. Nc3 e5 8. d5
Nb8 9. c5 Na6 10. cxd6 cxd6 11. Nd2 Bd7 12. a4 Rc8 13. Qb3 Qc7 14. Qa3 1/2-1/2